00376nam a2200145Ia 4500008004100000082002000041100001800061245002800079260002300107300000800130600001800138630002800156700001800184730002800202151018s9999 xx 000 0 und d bRBASDV2806a823 aGreen Grmham aGraham Green 19 stories b"Lion Book , Lnc." a192 aGreen Grmham aGraham Green 19 stories aGreen Grmham aGraham Green 19 stories